000 00470nam a2200181Ia 4500
008 230524s9999 xx 000 0 und d
020 _a9789384588236
082 _a629.83
_bGUP
100 _aAditi Gupta
_943014
245 0 _aAutomatic Control Engineering
250 _a1
260 _aNew Delhi
_bI.K.International
_c2015
300 _a"IX,299p;"
500 _aQuantity Number: 1
650 _aElectrical
700 _a Yajvender Pal Verma
_943015
942 _cBK
999 _c57958
_d57958